|
|
|
|
| LEADER |
00000nam a22000007i 4500 |
| 001 |
IT\ICCU\BVE\0849054 |
| 003 |
ItRI |
| 005 |
20240410180436.0 |
| 008 |
200603s2017 it |||||| ||||| |||||c |
| 020 |
|
|
|z 8875171681
|
| 020 |
|
|
|a 9788875171681
|
| 040 |
|
|
|b ita
|c GP
|
| 041 |
|
7 |
|a ita
|2 ISO-639-2
|
| 100 |
1 |
|
|a Giussani, Raphael
|0 IT\ICCU\BVEV\269971
|
| 245 |
1 |
0 |
|a Basta :
|b io non sono la mia malattia : una serata tranquilla, una cena tra amici, una telefonata che arriva e una vita che entra in stand-by /
|c Raphael Giussani.
|
| 260 |
|
|
|a Cervia :
|b EIFIS,
|c 2017
|
| 300 |
|
|
|a 85 p. :
|b ill. ;
|c 21 cm.
|
| 830 |
|
0 |
|a Life
|0 IT\ICCU\CFI\1008573
|
| 942 |
|
|
|2 ddc
|c BK
|
| 952 |
|
|
|0 0
|1 0
|2 ddc
|4 0
|6 853_000000000000000_GIU
|7 1
|9 1208
|a RM
|b RM
|d 2024-04-10
|l 0
|o 853 GIU
|p 769
|r 2024-04-10 18:04:56
|w 2024-04-10
|y BK
|
| 981 |
|
1 |
|6 z01
|a i
|b xxxe
|
| 982 |
|
1 |
|6 z01
|a n
|
| 999 |
|
|
|c 1113
|d 1113
|